=LDR 00000nam 2200000 4500 =001 001202 =005 20250710025202 =035 ##$$a 0010-0725000212 =007 ta =008 250710################a##########0#ind## =020 ##$$a 978-623-307-297-7 =082 ##$$a 398.209 598 =084 ##$$a 398.209 598 HIE k =100 #$$a Hieu tran =245 1#$$a Kisah tentang hanoi /$c Hieu tran =250 ##$$a Cetakan kedua =260 ##$$a Rawamangun :$b Badan pengembangan dan pembinaan bahasa,$c 2022 =300 ##$$a 20 hlm. : $b Ilus. ; $c 29 cm =650 #4$$a Cerita anak indonesia-terjemahan =990 ##$$a TBM00720072